Normal view
MARC view
- الفكر الإسلامي-الثقافة-الحضارة الإسلامية
Entry Topical Term
001 - CONTROL NUMBER
- control field: 17556
003 - CONTROL NUMBER IDENTIFIER
- control field: JO-AjAnu
005 - DATE AND TIME OF LATEST TRANSACTION
- control field: 20230606073110.0
008 - FIXED-LENGTH DATA ELEMENTS
- fixed length control field: 230606|| aca||aabn | a|a d
040 ## - CATALOGING SOURCE
- Original cataloging agency: JO-AjAnu
- Transcribing agency: JO-AjAnu
150 ## - HEADING--TOPICAL TERM
- Topical term or geographic name entry element: الفكر الإسلامي-الثقافة-الحضارة الإسلامية
670 ## - SOURCE DATA FOUND
- Source citation: Work cat.: (JO-AjAnu)9013: القادري،أحمد رشيد مؤلف/أبو شريخ،شاهر ذيب, author 17555, الفكر التربوي الإسلامي